000 00955nam a2200253 a 4500
001 2037345
003 AM-YEHGA
005 20260327133721.0
007 ta
008 251023s2025 ai a|||gr|||||000|0|arm|d
020 _a978-9939-966-62-5
040 _aAM-YEHGA
041 0 _aarm
100 0 _aՄարգարյան, Արաքս,
_d1975-
245 1 0 _aԱլեքսանդրապոլի մշակութային կյանքը /
_cԱ. Մարգարյան ; [Նախաբան Լ. Ասոյան ; Խմբ.՝ Ա. Հակոբյան,Կ. Մարտիրոսյան].
260 _aԳյումրի :
_bԱկտուալ արվեստ,
_c2025.
300 _a104 էջ :
_bնկարներ ;
_c21 սմ.
650 1 4 _aՄշակույթ
650 1 4 _aՀայոց պատմություն
700 1 _aՀակոբյան, Անահիտ
_eխմբ.
_4edt
700 1 _aՄարտիրոսյան, Կարինե
_eխմբ.
_4edt
700 1 _aԱսոյան, Լիլիթ
_eնախաբան
_4aui
942 _2udc
_cBK
999 _c540852
_d540852